000 00819nab a2200253 u 4500
001 14263
003 HDC
007 cr bn ---aaaaa
008 210214c mydr|nes 0 a may d
040 _aHDC
100 _aZunaidah Zainon
_eauthor
_97610
245 0 _aPharmaniaga seimbang portfolio perniagaan /
_cby Zunaidah Zainon
260 _aMalaysia:
_bUtusan Malaysia,
_c2015
336 _atext
_2rdacontent
337 _acomputer
_2rdamedia
338 _aonline resource
_2rdacarrier
650 _aeconomy
_91877
650 _apharmacy
_93103
710 _aUtusan Malaysia
856 _zRequest full-text at [email protected]
942 _2lcc
942 _cNEWS
942 _kNSWC 004562
999 _c11579
_d11579